Équipe de France - Euro 2024 - Statistiques

Statistiques générales
  • Ce quiz a été pris 898 fois
  • Le résultat moyen est 22 sur 25
Statistiques - réponses
Poste Club Joueur % Correct
Gardien AC Milan Mike Maignan
98%
Attaquant Paris Saint-Germain Kylian Mbappé
97%
Milieu Atlético Madrid Antoine Griezmann
94%
Attaquant Paris Saint-Germain Ousmane Dembélé
94%
Défenseur AC Milan Theo Hernandez
94%
Milieu Real Madrid Aurélien Tchouameni
93%
Milieu Real Madrid Eduardo Camavinga
93%
Défenseur FC Barcelone Jules Koundé
93%
Milieu Al-Ittihad N'Golo Kanté
93%
Gardien West Ham Alphonse Areola
92%
Attaquant AC Milan Olivier Giroud
91%
Attaquant Inter Milan Marcus Thuram
90%
Défenseur Arsenal William Saliba
90%
Milieu Juventus Turin Adrien Rabiot
89%
Défenseur Inter Milan Benjamin Pavard
89%
Gardien RC Lens Brice Samba
89%
Défenseur Liverpool Ibrahima Konaté
89%
Attaquant Paris Saint-Germain Bradley Barcola
88%
Défenseur Bayern Munich Dayot Upamecano
87%
Défenseur Real Madrid Ferland Mendy
87%
Attaquant Bayern Munich Kingsley Coman
86%
Attaquant Paris Saint-Germain Randal Kolo Muani
86%
Milieu Paris Saint-Germain Warren Zaïre-Emery
82%
Défenseur Olympique de Marseille Jonathan Clauss
78%
Milieu AS Monaco Youssouf Fofana
74%
Aucun quiz correspondant
Distribution des résultats
% des personnes avec chaque résultat
Percentile par nombre de réponses
Votre historique - résultats
Vous n’avez pas pris ce quiz